[Event "Memorial Gashimov"]
[Site "Shamkir"]
[Date "26.05.2016"]
[Round "1"]
[White "Safarli, Eltaj"]
[Black "Eljanov, Pavel"]
[Result "1/2-1/2"]
[WhiteTitle "GM"]
[BlackTitle "GM"]
[WhiteElo "2664"]
[BlackElo "2765"]
[WhiteFideId "13402129"]
[BlackFideId "14102951"]
[EventDate "2016.05.26"]

1. Nf3 d5 2. c4 e6 3. g3 dxc4 4. Bg2 a6 5. Qc2 Bd6 6. Qxc4 Nf6 7. O-O b5 8. Qb3
Bb7 9. a4 Nbd7 10. axb5 Bd5 11. Qc2 axb5 12. Rxa8 Qxa8 13. Na3 Qb7 14. d3 c5 15.
Bg5 O-O 16. Rc1 Rc8 17. Nb1 h6 18. Bxf6 Nxf6 19. Nc3 Bc6 20. Qb3 Be7 21. Ra1 Ne8
22. Ne1 Bxg2 23. Nxg2 Nd6 24. Ne3 Bg5 25. Nf1 b4 26. Nb1 c4 27. dxc4 Nxc4 28. e3
Nxe3 29. fxe3 Rc1 30. Kf2 Qh1 31. Qd3 f5 32. h4 Be7 33. Ra5 f4 34. exf4 Qc6 35.
Re5 Bc5+ 36. Rxc5 Qxc5+ 37. Ne3 b3 38. Nd2 Rc2 39. Kf3 Rxb2 40. Qd8+ Kh7 41.
Qd3+ Kh8 42. Qd8+ Kh7 43. Qd3+ 1/2-1/2

[Event "Memorial Gashimov"]
[Site "Shamkir"]
[Date "26.05.2016"]
[Round "1"]
[White "Caruana, Fabiano"]
[Black "Harikrishna, Pentala"]
[Result "1/2-1/2"]
[WhiteTitle "GM"]
[BlackTitle "GM"]
[WhiteElo "2804"]
[BlackElo "2763"]
[WhiteFideId "2020009"]
[BlackFideId "5007003"]
[EventDate "2016.05.26"]

1. e4 c5 2. Nf3 e6 3. d4 cxd4 4. Nxd4 Nc6 5. Nc3 Qc7 6. Be3 a6 7. Qf3 Nf6 8.
O-O-O Nxd4 9. Bxd4 e5 10. Be3 d6 11. h3 b5 12. Bd3 b4 13. Nd5 Nxd5 14. exd5 a5
15. Kb1 Be7 16. g4 O-O 17. g5 Ba6 18. Qe4 g6 19. h4 Rfc8 20. Rc1 Qd7 21. Bxa6
Rxa6 22. f4 Qf5 23. Qxf5 gxf5 24. c3 bxc3 25. Rxc3 Rxc3 26. bxc3 Ra8 27. Kc2 Rb8
28. Rf1 e4 29. a4 Kf8 30. h5 Ke8 31. Rg1 Kd7 32. Bd4 Kc7 33. g6 fxg6 34. hxg6
hxg6 35. Rxg6 Rf8 36. Rg7 Kd7 37. c4 Ke8 38. Kc3 Bh4 39. Ra7 Be1+ 40. Kc2 Rg8
41. Ra8+ Kf7 42. Ra7+ Ke8 43. Ra8+ 1/2-1/2

[Event "Memorial Gashimov"]
[Site "Shamkir"]
[Date "26.05.2016"]
[Round "1"]
[White "Mamedov, Rauf"]
[Black "Giri, Anish"]
[Result "1/2-1/2"]
[WhiteTitle "GM"]
[BlackTitle "GM"]
[WhiteElo "2655"]
[BlackElo "2790"]
[WhiteFideId "13401653"]
[BlackFideId "24116068"]
[EventDate "2016.05.26"]

1. e4 c5 2. c3 Nf6 3. e5 Nd5 4. Nf3 d6 5. d4 cxd4 6. cxd4 Nc6 7. Bc4 dxe5 8.
dxe5 Ndb4 9. Qxd8+ Nxd8 10. Na3 Bg4 11. Bd2 Nbc6 12. Bc3 Bxf3 13. gxf3 a6 14.
Nc2 e6 15. Bd3 Rc8 16. Be4 Be7 17. f4 f5 18. exf6 Bxf6 19. Bxf6 gxf6 20. f5 Ne7
21. O-O-O exf5 22. Bf3 Rc7 23. Kb1 Ndc6 24. Bh5+ Ng6 25. Ne3 Ne7 26. Nd5 Nxd5
27. Rxd5 f4 28. Rd4 O-O 29. Rg1 Rg7 30. Bxg6 Rxg6 31. Rxg6+ hxg6 32. Rxf4 Kg7
33. Kc2 Kh6 34. Kd3 Kg5 35. Rb4 b5 36. a4 Rd8+ 37. Ke4 Rh8 38. Ke3 Rh3+ 39. f3
bxa4 40. Rg4+ Kh5 41. Rxa4 Rxh2 42. Rxa6 1/2-1/2

[Event "Memorial Gashimov"]
[Site "Shamkir"]
[Date "27.05.2016"]
[Round "2"]
[White "Hou, Yifan"]
[Black "Safarli, Eltaj"]
[Result "1/2-1/2"]
[WhiteTitle "GM"]
[BlackTitle "GM"]
[WhiteElo "2663"]
[BlackElo "2664"]
[WhiteFideId "8602980"]
[BlackFideId "13402129"]
[EventDate "2016.05.26"]

1. e4 e6 2. d4 d5 3. Nc3 Bb4 4. e5 c5 5. a3 Bxc3+ 6. bxc3 Ne7 7. h4 Qc7 8. Nf3
Bd7 9. h5 h6 10. Rh4 Nbc6 11. Rg4 Nf5 12. Bd3 Nce7 13. dxc5 Qxc5 14. Rb4 a5 15.
Rxb7 Bc6 16. Rb3 Ba4 17. Rbb1 Qxc3+ 18. Bd2 Qc5 19. Qe2 O-O 20. g4 Nd4 21. Nxd4
Qxd4 22. c3 Qc5 23. g5 hxg5 24. Qg4 Bc6 25. Rc1 Nf5 26. Bxg5 Bb5 27. Bxf5 exf5
28. Qd4 Qc4 29. Qxc4 Bxc4 30. Be7 Rfb8 31. Rab1 Bd3 32. Rxb8+ Rxb8 33. Kd2 Be4
34. Ke3 Rb2 35. Bc5 Rb5 36. Bd6 Rb2 37. Bc5 Rb5 38. Bd6 Rb2 39. Bc5 1/2-1/2

[Event "Memorial Gashimov"]
[Site "Shamkir"]
[Date "27.05.2016"]
[Round "2"]
[White "Giri, Anish"]
[Black "Karjakin, Sergey"]
[Result "1-0"]
[WhiteTitle "GM"]
[BlackTitle "GM"]
[WhiteElo "2790"]
[BlackElo "2779"]
[WhiteFideId "24116068"]
[BlackFideId "14109603"]
[EventDate "2016.05.26"]

1. g3 c5 2. Bg2 Nc6 3. c4 g6 4. Nc3 Bg7 5. a3 d6 6. Rb1 a5 7. d3 e5 8. e4 h5 9.
h4 Bh6 10. Bh3 Bxc1 11. Rxc1 Nf6 12. Bxc8 Rxc8 13. Nge2 O-O 14. O-O Qd7 15. Kg2
Kg7 16. f3 Nd4 17. Rf2 b6 18. a4 Rb8 19. b3 Rb7 20. Rb1 Rbb8 21. Qd2 Rbe8 22.
Qb2 Qb7 23. Rbf1 Ng8 24. Nd5 Ne7 25. Nxd4 exd4 26. Nf4 Qd7 27. Re2 Nc6 28. Qd2
Nb4 29. Rfe1 Re5 30. Nh3 Re7 31. f4 f6 32. Qd1 Rh8 33. Kh2 Qg4 34. Kg2 Rhe8 35.
f5 gxf5 36. Nf2 Qg6 37. exf5 Rxe2 38. fxg6 Rxe1 39. Qxh5 Rh8 40. Qf3 Re3 41. Qg4
Re5 42. Qd7+ Kxg6 43. Ne4 Nxd3 44. Qg4+ Kh6 45. Nxd6 Rf8 46. Nf5+ Rxf5 47. Qxf5
Ne5 48. Qe6 d3 49. Qxb6 Rf7 50. Qxa5 Rd7 51. Qd2+ Kg7 52. a5 Nc6 53. a6 Kf7 54.
h5 Nb4 55. h6 Kg6 56. Qf4 Rd4 57. h7 Rxf4 58. h8=Q d2 59. Qe8+ Kh6 60. Qh8+ Kg6
61. Qe8+ Kh6 62. Qe2 Rd4 63. a7 d1=Q 64. Qxd1 Rxd1 65. a8=Q Rd2+ 66. Kf3 Rd3+
67. Kf4 Rxb3 68. Kf5 1-0

[Event "Memorial Gashimov"]
[Site "Shamkir"]
[Date "27.05.2016"]
[Round "2"]
[White "Eljanov, Pavel"]
[Black "Caruana, Fabiano"]
[Result "0-1"]
[WhiteTitle "GM"]
[BlackTitle "GM"]
[WhiteElo "2765"]
[BlackElo "2804"]
[WhiteFideId "14102951"]
[BlackFideId "2020009"]
[EventDate "2016.05.26"]

1. d4 Nf6 2. c4 g6 3. Nc3 d5 4. Nf3 Bg7 5. Bg5 Ne4 6. Bf4 Nxc3 7. bxc3 c5 8. e3
O-O 9. Be2 dxc4 10. Bxc4 Nd7 11. O-O Nb6 12. Bb3 c4 13. Bc2 Nd5 14. Qd2 Nxf4 15.
exf4 Be6 16. a4 Bd5 17. Ne5 e6 18. Rfb1 Rb8 19. Qe3 a6 20. a5 b5 21. axb6 Rxb6
22. g3 Rxb1+ 23. Rxb1 Bxe5 24. Qxe5 Qa8 25. h4 Bh1 26. Kf1 h5 27. Ke1 a5 28. Ra1
Qg2 29. Rxa5 Qg1+ 30. Ke2 Bg2 31. Qe3 Rb8 32. Ra2 Bh3 33. Kd2 Bf5 34. Qe1 Qg2
35. Bxf5 exf5 36. Kc2 Qb7 37. Kd2 Qg2 38. Kc1 Qf3 39. Rc2 Ra8 40. Qe2 Qh1+ 41.
Kd2 Ra1 42. Qe8+ Kg7 43. Qe5+ Kh7 44. Qe2 Rb1 45. f3 Rg1 0-1

[Event "Memorial Gashimov"]
[Site "Shamkir"]
[Date "28.05.2016"]
[Round "3"]
[White "Caruana, Fabiano"]
[Black "Hou, Yifan"]
[Result "1-0"]
[WhiteTitle "GM"]
[BlackTitle "GM"]
[WhiteElo "2804"]
[BlackElo "2663"]
[WhiteFideId "2020009"]
[BlackFideId "8602980"]
[EventDate "2016.05.26"]

1. e4 e5 2. Nf3 Nc6 3. Bb5 a6 4. Ba4 Nf6 5. O-O Nxe4 6. d4 b5 7. Bb3 d5 8. dxe5
Be6 9. Nbd2 Nc5 10. c3 Be7 11. Bc2 d4 12. Nb3 d3 13. Bb1 Nxb3 14. axb3 Bf5 15.
Re1 O-O 16. Be3 Qd5 17. Bd4 Rfd8 18. h4 Bg6 19. b4 d2 20. Qxd2 Bxb1 21. Raxb1
Bxb4 22. Qf4 Be7 23. e6 fxe6 24. Qg4 Nxd4 25. Nxd4 Bf6 26. Nxe6 Rd7 27. Re3 h5
28. Qg6 Rf7 29. Rbe1 Rc8 30. Nf4 Qd7 31. Qxh5 Re7 32. Nd5 Rf7 33. Rd1 Qc6 34.
Nf4 Rd7 35. Re8+ 1-0

[Event "Memorial Gashimov"]
[Site "Shamkir"]
[Date "28.05.2016"]
[Round "3"]
[White "Radjabov, Teimour"]
[Black "Giri, Anish"]
[Result "1/2-1/2"]
[WhiteTitle "GM"]
[BlackTitle "GM"]
[WhiteElo "2726"]
[BlackElo "2790"]
[WhiteFideId "13400924"]
[BlackFideId "24116068"]
[EventDate "2016.05.26"]

1. d4 Nf6 2. c4 e6 3. Nf3 d5 4. Nc3 Bb4 5. Bg5 h6 6. Bxf6 Qxf6 7. e3 O-O 8. Rc1
dxc4 9. Bxc4 c5 10. O-O cxd4 11. Nxd4 Bd7 12. Ne4 Qe7 13. Be2 Nc6 14. a3 Nxd4
15. Qxd4 Ba5 16. Qc5 Bd8 17. Bf3 Bc6 18. Rfd1 Bxe4 19. Qxe7 Bxe7 20. Bxe4 Bf6
21. b4 Rad8 22. g3 Bb2 23. Rxd8 Rxd8 24. Rc7 Bxa3 25. Rxb7 Kf8 26. Rxa7 Bxb4 27.
Ra8 Rxa8 28. Bxa8 Bc5 29. Kg2 Bb4 30. Be4 Bc5 31. h3 Bb4 32. Bf3 g5 33. g4 Bc5
34. Be4 Bb4 35. Bf3 Bc5 36. Be4 Bb4 37. Bf3 Bc5 38. Be4 Bb4 39. Bf3 Bc5 40. Be4
Bb6 1/2-1/2

[Event "Memorial Gashimov"]
[Site "Shamkir"]
[Date "28.05.2016"]
[Round "3"]
[White "Karjakin, Sergey"]
[Black "Harikrishna, Pentala"]
[Result "1-0"]
[WhiteTitle "GM"]
[BlackTitle "GM"]
[WhiteElo "2779"]
[BlackElo "2763"]
[WhiteFideId "14109603"]
[BlackFideId "5007003"]
[EventDate "2016.05.26"]

1. e4 e5 2. Nf3 Nf6 3. Nxe5 d6 4. Nf3 Nxe4 5. Nc3 Nxc3 6. dxc3 Be7 7. Be3 O-O 8.
Qd2 Nd7 9. O-O-O c5 10. Bd3 Nf6 11. Rhe1 Be6 12. Bg5 h6 13. Bxh6 c4 14. Bxg7
cxd3 15. Qg5 Ne4 16. Qh6 Bg5+ 17. Nxg5 Qxg5+ 18. Qxg5 Nxg5 19. Bxf8 dxc2 20.
Rxd6 Kxf8 21. h4 Nh7 22. Kxc2 Nf6 23. f3 Ke7 24. Rd4 Rh8 25. c4 Nd7 26. b3 a6
27. Kc3 Nb8 28. g3 Nc6 29. Rd2 Kf6 30. Rh2 b5 31. cxb5 axb5 32. Rd2 Rh5 33. Re3
Ne7 34. Re4 Rf5 35. Rd3 Rc5+ 36. Kd2 Nf5 37. Rg4 Rc8 38. Rc3 Ra8 39. Rc2 Ne7 40.
Rf4+ Kg7 41. Ke1 Nd5 42. Rd4 Kf6 43. Kf2 Ke5 44. Re4+ Kd6 45. h5 Ke7 46. g4 Kd6
47. Rd2 f5 48. gxf5 Bxf5 49. h6 Rh8 50. Red4 Be6 51. Rh4 Ke7 52. Rh5 Nf6 53.
Rxb5 Rxh6 54. a4 Rh1 55. a5 Nd7 56. b4 Bc4 57. Rg5 Ke6 58. Rd4 Rc1 59. a6 Rc2+
60. Kg3 Bf1 61. a7 Nb6 62. Rd1 1-0

[Event "Memorial Gashimov"]
[Site "Shamkir"]
[Date "28.05.2016"]
[Round "3"]
[White "Safarli, Eltaj"]
[Black "Mamedov, Rauf"]
[Result "1/2-1/2"]
[WhiteTitle "GM"]
[BlackTitle "GM"]
[WhiteElo "2664"]
[BlackElo "2655"]
[WhiteFideId "13402129"]
[BlackFideId "13401653"]
[EventDate "2016.05.26"]

1. d4 Nf6 2. c4 g6 3. Nc3 Bg7 4. e4 d6 5. Nf3 O-O 6. Be2 e5 7. O-O Nc6 8. d5 Ne7
9. b4 Kh8 10. c5 Nh5 11. Nd2 Nf4 12. Nc4 f5 13. f3 Ng8 14. cxd6 cxd6 15. Be3 Bh6
16. a4 Bd7 17. Nb5 Bxb5 18. axb5 fxe4 19. fxe4 Nxe2+ 20. Qxe2 Rxf1+ 21. Rxf1
Bxe3+ 22. Qxe3 Nf6 23. Qh3 Nxe4 24. Qg4 Nf6 25. Qe6 Ne4 26. Qg4 Nf6 27. Qe6 Ne4
28. Qg4 1/2-1/2

[Event "Memorial Gashimov"]
[Site "Shamkir"]
[Date "29.05.2016"]
[Round "4"]
[White "Giri, Anish"]
[Black "Harikrishna, Pentala"]
[Result "1-0"]
[WhiteTitle "GM"]
[BlackTitle "GM"]
[WhiteElo "2790"]
[BlackElo "2763"]
[WhiteFideId "24116068"]
[BlackFideId "5007003"]
[EventDate "2016.05.26"]

1. d4 Nf6 2. c4 e6 3. Nf3 d5 4. Nc3 c5 5. cxd5 Nxd5 6. e4 Nxc3 7. bxc3 cxd4 8.
cxd4 Bb4+ 9. Bd2 Bxd2+ 10. Qxd2 O-O 11. Rc1 b6 12. Bd3 Bb7 13. O-O h6 14. Qe3
Nc6 15. h4 Rc8 16. h5 Qe7 17. Bb1 Rfd8 18. d5 exd5 19. e5 Ba6 20. Rfe1 Qd7 21.
Qf4 Ne7 22. Nd4 Rxc1 23. Qxc1 Qa4 24. e6 Qxd4 25. exf7+ Kxf7 26. Qc7 Re8 27.
Bg6+ 1-0

[Event "Memorial Gashimov"]
[Site "Shamkir"]
[Date "29.05.2016"]
[Round "4"]
[White "Radjabov, Teimour"]
[Black "Safarli, Eltaj"]
[Result "1/2-1/2"]
[WhiteTitle "GM"]
[BlackTitle "GM"]
[WhiteElo "2726"]
[BlackElo "2664"]
[WhiteFideId "13400924"]
[BlackFideId "13402129"]
[EventDate "2016.05.26"]

1. d4 Nf6 2. c4 g6 3. Nc3 d5 4. cxd5 Nxd5 5. e4 Nxc3 6. bxc3 Bg7 7. Bc4 c5 8.
Ne2 Nc6 9. Be3 O-O 10. O-O Qc7 11. Rc1 Rd8 12. f4 Bg4 13. f5 gxf5 14. h3 cxd4
15. Bxf7+ Kxf7 16. Qb3+ e6 17. Nxd4 Nxd4 18. cxd4 Qb6 19. Qxb6 axb6 20. hxg4
Bxd4 21. Bxd4 Rxd4 22. exf5 Rxg4 23. Rc7+ Kf6 24. fxe6+ Kxe6 25. Rxb7 Rxa2 26.
Rxb6+ Ke5 27. Rf2 Rxf2 28. Kxf2 Kf5 29. Kf3 Rf4+ 30. Kg3 Rg4+ 31. Kf3 Rf4+ 32.
Kg3 Rg4+ 33. Kf3 1/2-1/2

[Event "Memorial Gashimov"]
[Site "Shamkir"]
[Date "29.05.2016"]
[Round "4"]
[White "Mamedov, Rauf"]
[Black "Caruana, Fabiano"]
[Result "0-1"]
[WhiteTitle "GM"]
[BlackTitle "GM"]
[WhiteElo "2655"]
[BlackElo "2804"]
[WhiteFideId "13401653"]
[BlackFideId "2020009"]
[EventDate "2016.05.26"]

1. e4 e5 2. Nf3 Nc6 3. Bc4 Bc5 4. c3 Nf6 5. d3 a6 6. O-O d6 7. a4 Ba7 8. Bg5 h6
9. Bh4 g5 10. Bg3 Ne7 11. d4 Nxe4 12. Nxe5 O-O 13. Nxf7 Rxf7 14. Bxf7+ Kxf7 15.
f4 g4 16. f5 Nxg3 17. hxg3 Ng8 18. Qxg4 Qg5 19. Qxg5 hxg5 20. Nd2 Nf6 21. Nf3
Nh7 22. g4 Bd7 23. Rfe1 Rg8 24. Kf2 Nf6 25. Kg3 c5 26. Re2 cxd4 27. cxd4 Bb6 28.
b3 Bc6 29. Rae1 Ba5 30. Re7+ Kf8 31. R1e2 Bd8 32. R7e6 Bd7 33. R6e3 Nd5 34. Re4
Nc3 35. d5 Bf6 36. Nd2 Rg7 37. Re1 Nxe4+ 38. Nxe4 Re7 39. Kf3 Kg7 40. Rh1 Be8
41. Nxd6 Bf7 42. Nxf7 Kxf7 43. Rc1 Bd4 44. Rc4 Bb6 45. Re4 Rxe4 46. Kxe4 Ke7 47.
b4 Bd8 48. a5 Kd6 49. Kd4 Bf6+ 50. Kc4 Bg7 51. b5 Bf6 0-1

[Event "Memorial Gashimov"]
[Site "Shamkir"]
[Date "29.05.2016"]
[Round "4"]
[White "Eljanov, Pavel"]
[Black "Karjakin, Sergey"]
[Result "1/2-1/2"]
[WhiteTitle "GM"]
[BlackTitle "GM"]
[WhiteElo "2765"]
[BlackElo "2779"]
[WhiteFideId "14102951"]
[BlackFideId "14109603"]
[EventDate "2016.05.26"]

1. d4 Nf6 2. c4 e6 3. Nf3 d5 4. Bg5 Nbd7 5. e3 h6 6. Bh4 Be7 7. Nbd2 c5 8. Be2
O-O 9. O-O b6 10. cxd5 Nxd5 11. Bg3 Bb7 12. Nc4 N7f6 13. dxc5 Bxc5 14. Nfd2 Rc8
15. e4 Ne7 16. e5 Ne4 17. Nxe4 Bxe4 18. Nd6 Bxd6 19. exd6 Nf5 20. Qa4 Bd5 21. d7
Rc5 22. b4 Nxg3 23. hxg3 Rc7 24. Bb5 Qg5 25. Rfe1 Rd8 26. Re3 h5 27. Rae1 h4 28.
Re5 Qf6 29. Qa3 Ba8 30. Qe3 hxg3 31. Qxg3 a6 32. Rxe6 fxe6 33. Qxc7 Rf8 34. Qxb6
axb5 35. Qxe6+ Qf7 36. Qxf7+ Kxf7 37. Re5 Rd8 38. Rxb5 Rxd7 39. a4 Bc6 40. Rf5+
Ke6 41. Ra5 Rd1+ 1/2-1/2

[Event "Memorial Gashimov"]
[Site "Shamkir"]
[Date "30.05.2016"]
[Round "5"]
[White "Karjakin, Sergey"]
[Black "Hou, Yifan"]
[Result "1-0"]
[WhiteTitle "GM"]
[BlackTitle "GM"]
[WhiteElo "2779"]
[BlackElo "2663"]
[WhiteFideId "14109603"]
[BlackFideId "8602980"]
[EventDate "2016.05.26"]

1. e4 e5 2. Nf3 Nc6 3. Bb5 a6 4. Ba4 Nf6 5. O-O Nxe4 6. d4 b5 7. Bb3 d5 8. dxe5
Be6 9. Nbd2 Be7 10. c3 O-O 11. Bc2 f5 12. Nb3 Qd7 13. Nbd4 Nxd4 14. Nxd4 c5 15.
Nxe6 Qxe6 16. f3 Ng5 17. a4 Rad8 18. axb5 axb5 19. Bxg5 Bxg5 20. f4 Be7 21. Kh1
Qb6 22. Qd3 c4 23. Qh3 g6 24. g4 d4 25. gxf5 Qc6+ 26. Qg2 Qxg2+ 27. Kxg2 d3 28.
Bd1 Rxf5 29. Bg4 Rff8 30. Ra5 h5 31. Bd1 b4 32. Ra6 bxc3 33. bxc3 Kh7 34. Ra7
Rf7 35. Rc7 Rd5 36. Rxc4 Bf8 37. Rc8 Rc5 38. Rd8 Bh6 39. Rxd3 Rxf4 40. Rd7+ Kh8
41. Rxf4 Bxf4 42. e6 Bg5 43. e7 Bxe7 44. Rxe7 Rxc3 45. Bf3 Rc8 46. Kg3 Rg8 47.
Kh4 Rg7 48. Re8+ Kh7 49. Kg5 Ra7 50. Bd5 Kg7 51. Re6 Kh7 52. Be4 Ra5+ 53. Kf6 1-0

[Event "Memorial Gashimov"]
[Site "Shamkir"]
[Date "30.05.2016"]
[Round "5"]
[White "Safarli, Eltaj"]
[Black "Giri, Anish"]
[Result "0-1"]
[WhiteTitle "GM"]
[BlackTitle "GM"]
[WhiteElo "2664"]
[BlackElo "2790"]
[WhiteFideId "13402129"]
[BlackFideId "24116068"]
[EventDate "2016.05.26"]

1. e4 c5 2. Nf3 d6 3. Bb5+ Nd7 4. c4 Nf6 5. Nc3 g6 6. O-O Bg7 7. Ba4 O-O 8. h3
Nb6 9. Bb3 e5 10. d3 Ne8 11. Bg5 f6 12. Be3 f5 13. Bg5 Bf6 14. Bh6 Bg7 15. Bg5
Qd7 16. exf5 gxf5 17. a4 a5 18. Nb5 Kh8 19. Re1 Bf6 20. Bxf6+ Nxf6 21. d4 e4 22.
dxc5 dxc5 23. Qxd7 Nbxd7 24. Nd2 Ne5 25. Bc2 Bd7 26. f3 Rad8 27. Rad1 Rg8 28.
Kh2 Be8 29. Nc7 Bh5 30. Ne6 Rde8 31. Nc7 Re7 32. Nd5 Nxd5 33. cxd5 exf3 34. d6
Reg7 35. g4 Nxg4+ 36. hxg4 Rxg4 37. Nxf3 Rg2+ 38. Kh3 Bxf3 39. Bb3 R8g3+ 40. Kh4
Rg4+ 41. Kh3 Bxd1 42. d7 R4g3+ 43. Kh4 Rd3 0-1

[Event "Memorial Gashimov"]
[Site "Shamkir"]
[Date "30.05.2016"]
[Round "5"]
[White "Harikrishna, Pentala"]
[Black "Eljanov, Pavel"]
[Result "1-0"]
[WhiteTitle "GM"]
[BlackTitle "GM"]
[WhiteElo "2763"]
[BlackElo "2765"]
[WhiteFideId "5007003"]
[BlackFideId "14102951"]
[EventDate "2016.05.26"]

1. e4 e5 2. Nf3 Nc6 3. Nc3 Nf6 4. Bb5 Bb4 5. O-O O-O 6. d3 Bxc3 7. bxc3 d6 8.
Nd2 Bd7 9. f4 exf4 10. Rxf4 Ne7 11. Bxd7 Nxd7 12. c4 Ne5 13. Bb2 f6 14. Nf1 Qd7
15. Ne3 a6 16. Qh5 b5 17. Rh4 h6 18. Rf1 bxc4 19. d4 Nf7 20. Ng4 Qb5 21. Nxf6+
gxf6 22. e5 Kh8 23. Bc1 Ng8 24. Qg6 dxe5 25. Rxf6 Qb1 26. Rf1 exd4 27. Bxh6
Qxf1+ 28. Kxf1 Nfxh6+ 29. Kg1 Rab8 30. Rxh6+ Nxh6 31. Qxh6+ Kg8 32. Qg6+ Kh8 33.
h3 d3 34. Qh6+ Kg8 35. Qxa6 dxc2 36. Qxc4+ Kh8 37. Qc3+ Kg8 38. Qxc2 Rfc8 39.
Qc6 Kf7 40. a4 Ke7 41. a5 1-0

[Event "Memorial Gashimov"]
[Site "Shamkir"]
[Date "01.06.2016"]
[Round "6"]
[White "Hou, Yifan"]
[Black "Harikrishna, Pentala"]
[Result "1/2-1/2"]
[WhiteTitle "GM"]
[BlackTitle "GM"]
[WhiteElo "2663"]
[BlackElo "2763"]
[WhiteFideId "8602980"]
[BlackFideId "5007003"]
[EventDate "2016.05.26"]

1. e4 e5 2. Nf3 Nf6 3. Nxe5 d6 4. Nf3 Nxe4 5. d4 d5 6. Bd3 Be7 7. O-O Nc6 8. Nc3
Bf5 9. Re1 Nxc3 10. bxc3 Bxd3 11. Qxd3 O-O 12. Re2 Qd6 13. Rb1 b6 14. Bd2 Bf6
15. Rbe1 Na5 16. Qf5 g6 17. Qh3 Qc6 18. Bg5 Nc4 19. Bxf6 Qxf6 20. Ne5 Nxe5 21.
Rxe5 Qc6 22. R1e3 Rae8 23. Qh6 Rxe5 24. dxe5 Qb5 25. g4 Qb1+ 26. Kg2 Qxc2 27.
Rh3 Qe4+ 28. Kf1 Qb1+ 29. Kg2 Qe4+ 30. Kf1 Qb1+ 1/2-1/2

[Event "Memorial Gashimov"]
[Site "Shamkir"]
[Date "01.06.2016"]
[Round "6"]
[White "Giri, Anish"]
[Black "Eljanov, Pavel"]
[Result "1/2-1/2"]
[WhiteTitle "GM"]
[BlackTitle "GM"]
[WhiteElo "2790"]
[BlackElo "2765"]
[WhiteFideId "24116068"]
[BlackFideId "14102951"]
[EventDate "2016.05.26"]

1. Nf3 d5 2. g3 c6 3. Bg2 Bg4 4. h3 Bh5 5. O-O Nd7 6. d4 e6 7. c4 Ngf6 8. cxd5
cxd5 9. Qb3 Qb6 10. Nc3 Be7 11. Ne5 Qxb3 12. axb3 a6 13. g4 Bg6 14. g5 Nh5 15.
Nxg6 hxg6 16. e4 dxe4 17. d5 exd5 18. Nxd5 Bd6 19. Be3 f5 20. gxf6 Ndxf6 21.
Rfd1 O-O-O 22. Ra5 Bc7 23. Ne7+ Kb8 24. Raa1 Rhe8 25. Nxg6 Nd5 26. Bg5 Rd6 27.
Ra4 Rxg6 28. Rxd5 Nf4 29. Bxf4 Bxf4 30. Rb4 e3 31. fxe3 Bxe3+ 32. Kh1 b5 33. Re4
Rxe4 34. Bxe4 Rg1+ 35. Kh2 Rf1 36. Kg3 Kc7 37. b4 Rf4 38. Re5 Kd6 39. Re8 g5 40.
Bb7 Bc1 41. Bxa6 Rxb4 42. Rb8 Ke5 1/2-1/2

[Event "Memorial Gashimov"]
[Site "Shamkir"]
[Date "01.06.2016"]
[Round "6"]
[White "Safarli, Eltaj"]
[Black "Caruana, Fabiano"]
[Result "1/2-1/2"]
[WhiteTitle "GM"]
[BlackTitle "GM"]
[WhiteElo "2664"]
[BlackElo "2804"]
[WhiteFideId "13402129"]
[BlackFideId "2020009"]
[EventDate "2016.05.26"]

1. d4 Nf6 2. c4 e6 3. Nf3 b6 4. a3 Ba6 5. Qc2 Bb7 6. Nc3 c5 7. e4 cxd4 8. Nxd4
Bc5 9. Nb3 Nc6 10. Bg5 a6 11. Rd1 Qc7 12. Be2 Be7 13. Bh4 Ne5 14. Bg3 h5 15. O-O
g5 16. Nd4 h4 17. Bxe5 Qxe5 18. Nf3 Bxe4 19. Nxe5 Bxc2 20. Rd2 Bf5 21. Rfd1 Ra7
22. Na4 Rc7 23. Nxb6 d6 24. Nf3 Ne4 25. Rd3 Rb7 26. Na4 Nc5 27. Nxc5 dxc5 28.
R3d2 Bf6 29. b4 g4 30. Ne1 cxb4 31. axb4 Rxb4 32. c5 O-O 33. Bxa6 Be4 34. Be2
Bc3 35. Rd6 Bd5 36. Rb6 Re4 37. Kf1 Be5 38. h3 Bc7 39. Rb2 f5 40. Nd3 Rb8 41.
Rxb8+ Bxb8 42. Rb1 Bh2 43. Nb4 1/2-1/2

[Event "Memorial Gashimov"]
[Site "Shamkir"]
[Date "01.06.2016"]
[Round "6"]
[White "Mamedov, Rauf"]
[Black "Karjakin, Sergey"]
[Result "1/2-1/2"]
[WhiteTitle "GM"]
[BlackTitle "GM"]
[WhiteElo "2655"]
[BlackElo "2779"]
[WhiteFideId "13401653"]
[BlackFideId "14109603"]
[EventDate "2016.05.26"]

1. e4 c5 2. Nf3 d6 3. d4 cxd4 4. Nxd4 Nf6 5. Nc3 a6 6. h3 e5 7. Nb3 Be6 8. Be3
Be7 9. f4 Nc6 10. f5 Bxb3 11. axb3 Nb4 12. g3 d5 13. exd5 Qc7 14. d6 Bxd6 15.
Nb5 Nxc2+ 16. Ke2 Qc6 17. Nxd6+ Ke7 18. Rc1 Nxe3 19. Rxc6 Nxd1 20. Nxb7 Rhb8 21.
Rc7+ Kf8 22. Kxd1 Ra7 23. Bc4 Raxb7 24. Rxb7 Rxb7 25. Re1 Nd7 26. Kc2 Rb6 27.
Ra1 Nb8 28. Kd3 Nc6 29. Ra4 Ke7 30. Ke4 f6 31. h4 Nb8 32. Kd5 Rd6+ 33. Ke4 Rb6
34. Kd5 Rd6+ 35. Ke4 Rb6 1/2-1/2

[Event "Memorial Gashimov"]
[Site "Shamkir"]
[Date "02.06.2016"]
[Round "7"]
[White "Caruana, Fabiano"]
[Black "Giri, Anish"]
[Result "1/2-1/2"]
[WhiteTitle "GM"]
[BlackTitle "GM"]
[WhiteElo "2804"]
[BlackElo "2790"]
[WhiteFideId "2020009"]
[BlackFideId "24116068"]
[EventDate "2016.05.26"]

1. e4 e5 2. Nf3 Nc6 3. Bb5 a6 4. Ba4 Nf6 5. O-O Nxe4 6. d4 b5 7. Bb3 d5 8. dxe5
Be6 9. Qe2 Be7 10. Rd1 O-O 11. c4 bxc4 12. Bxc4 Bc5 13. Be3 Bxe3 14. Qxe3 Qb8
15. Bb3 Na5 16. Nd4 c5 17. Nxe6 fxe6 18. f3 c4 19. fxe4 cxb3 20. exd5 bxa2 21.
Rxa2 Nc4 22. Qd4 Qb3 23. Nc3 Rac8 24. Rb1 Ne3 25. Qxe3 Rxc3 26. Qxc3 Qxa2 27.
Rd1 exd5 28. Qd4 Re8 29. Rc1 h6 30. h3 Kh8 31. e6 Rxe6 32. Rc8+ Kh7 33. Qd3+ Re4
34. Qf1 Re5 35. Qd3+ Re4 36. Qf1 Re5 37. Qd3+ Re4 38. Qf1 1/2-1/2